LEADER 00936nam0 2200289 450 001 000001937 005 20161207094002.0 010 $a88-02-04037-0 100 $a20001013d1986----km-y0itay50------ba 101 0 $aita 102 $aIT 200 1 $aMetodi e strumenti per le misure elettriche$fGiuseppe Zingales 205 $a3. ed. 210 $aTorino$cUTET$d1986 215 $aXXIV, 471 p.$cill.$d25 cm 225 2 $aCollezione di elettrotecnica ed elettronica$v7 410 0$12001$aCollezione di elettrotecnica ed elettronica 610 1 $aMisure elettriche 676 $a621.37 700 1$aZingales,$bGiuseppe$01896 801 0$aIT$bUNIPARTHENOPE$gRICA$2UNIMARC 912 $a000001937 951 $cPIST$aP1 621-M/27$b28603$d20001018 951 $cPIST$aP1 DEP 621-M/28$b28604$d20001018 951 $aP1 DEP 621-M/29$b28605$cPIST$d2016 996 $aMetodi e strumenti per le misure elettriche$9107291 997 $aUNIPARTHENOPE LEADER 01049nam0-22003251i-450- 001 990003162480403321 035 $a000316248 035 $aFED01000316248 035 $a(Aleph)000316248FED01 035 $a000316248 100 $a20000920d1971----km-y0itay50------ba 101 0 $aita 102 $aIT 200 1 $a<>povertà negli Stati Uniti$fMichael Harrington$gTraduzione e presentazione di Bruno Maffi. 210 $aMilano$cIl Saggiatore$d1971. 215 $a293 p.$d18 cm 225 1 $a<>gabbiani$v88 300 $aSul front.: con la prefazione all'ed. 1969 : La miseria negli anni settanta. - [Tit. orig.: The Other America (Poverty in the United States), 1969] 676 $a20140 676 $aF/1.221 702 1$aHarrington,$bMichael$f<1928-1989?> 702 1$aMaffi,$bBruno$f<1909-2003> 801 0$aIT$bUNINA$gRICA$2UNIMARC 901 $aBK 912 $a990003162480403321 952 $aF/1.221 HAR$b3718/I$fSES 959 $aSES 996 $aPovertà negli Stati Uniti$9458820 997 $aUNINA DB $aING01